MDQL
is popping MORE tags! Check the
thread
!
Quizzes
Events
Quiz Creation
Community
Videos
Private Events
Remove Ads
Sign In
Join for FREE
Feedback
Dark Mode
Quiz Categories
Sports
Geography
Music
Movies
Television
Just For Fun
Miscellaneous
History
Literature
Language
Science
Gaming
Entertainment
Religion
Holiday
For Kids
Quiz Lab
Recent
Popular Today
Quiz Kudos Today
Editor Picks
Curator Picks
Quizzes by...
Day
Popularity
Type
Ratings
Length
Year
Community
Subscriptions
Recent Discussions
Orange Saloon
Badges
Playlists
Quests
Create
Leaderboards
Showdown
Live 5
Trivia Bingo
Activity
Puzzle Library
Sporcle Events
Private Events
Virtual Trivia
Globe League
Become a Host
Pub Owners
SporcleCon
Opinionation
Our Games
Videos
Blog
Mobile Apps
Partnerships
Remove Ads and Go Orange
Feedback
Television
TV Characters
TV Show
Sitcom
Network
Friends
Reality Shows
Cast
South Park
Star Trek
The Simpsons
Doctor Who
Television
TV Characters
TV Show
Sitcom
Network
Friends
Reality Shows
Cast
South Park
Star Trek
The Simpsons
Doctor Who
Random Quiz
Search Sporcle
×
Quiz Lab
Quiz Lab
Television
TV Quotes
Select answers by clicking on text or image buttons
Select answers by clicking on text or image buttons
Clickable
Best Score? Go Orange.
Sex and the City: The Column Stats
Can you pick the words that complete the lines from Carrie's Sex and the City column?
By
aseligstein
5m
45 Questions
1,154 Plays
1,154 Plays
1,154 Plays
Comments
Comments
Give Quiz Kudos
Give Quiz Kudos
-
- Ratings
hide this ad
Forced Order
Answers have to be entered in order
Answers have to be entered in order
Replay
Link that replays current quiz
Next Quiz
Link to next quiz in quiz playlist
You Got
0%
They Got
Avg Score
54%
Avg Friend Score
Upgrade to see
Score Distribution
Jump to the score distribution portion of the page
Score
0/45
Timer
05:00
0
Plays Today
% Correct
forgive
77%
marrieds
75.2%
open
72.3%
wiser
72.2%
light
72.1%
balls
71.8%
future
70%
rules
69.8%
right
68%
settle
66.4%
worth
66.2%
games
65.9%
father
64.3%
drug
61.8%
rescued
61.3%
investing
60.1%
programmed
59.6%
power
59.4%
outside
58.9%
done
58.7%
reviews
57.6%
threesomes
57.4%
freaks
55.6%
% Correct
safe
54.7%
should-ing
54.3%
monogamy
53.6%
family
53.3%
fate
51.7%
sex
50.3%
romance
50.3%
questioning
49%
scary
48.8%
distance
48.8%
zsa zsa zsu
48.6%
cold
47.3%
cheating
46%
relationships
39.3%
karma
39.1%
****
38.6%
reality
33.7%
drama
32%
timing
31.2%
religion
30.3%
politics
27.1%
denial
17.2%
Quiz Playlist
Details
Report
Send in Message
Add To Playlist
Clickable:
Select answers by clicking on text or image buttons
Forced Order:
Answers have to be entered in order
Quiz Source
Last Updated: Feb 16, 2017
Quiz Scoreboard
CHALLENGE
Sign Up to Join the Scoreboard
Show All
Scores
Hide
Comments
May contain spoilers
Recently Published
Colored Red Africa Blitz
by spor1
Geography
30s
Find the 'City' Movie
by crazypaving
Movies
60s
5x2 Blitz: Bands
by SL_Kpop136
Music
30s
More to Explore
Quiz From the Vault
Featured Blog Post
14 Easter Pick-up Lines to Find Eggs With
hide this ad
You Might Also Like...
Tags
carrie
fill-in-the-blank
hbo
HBO Original
New York
TV Quotes
Today's Top Quizzes in Television
Browse Television
hide this ad
Today's Top Quizzes in TV Quotes
Browse TV Quotes
Top Contributed Quizzes in Television
1
Survivor Journey Challenge
2
Adjectives in 80s TV Shows
3
Adjectives in 00s TV Shows
4
5-to-1: The Simpsons Families
5
Adjectives in 10s TV Shows
6
5-to-1: Television Doctors
7
7-to-1: TV Show Settings
8
Adjectives in 70s TV Shows
9
5-to-1: Streaming Originals
10
Survivor Seasons
Explore More
Trending Topics
Disney
Harry Potter
NBA
Kpop
Anime
Marvel
Crossword
Song
NFL
Country
The Office
Soccer
Puzzle
WWE
Pokémon
hide this ad
More By:
aseligstein
Quiz
Plays
Rating
Category
Featured
Created
10-to-1: Romantic Comedies by Actress
119,097
4.31
Movies
Apr 12, 2015
10-to-1: Top Ten Hits of the 1980s
107,307
4.65
Music
Apr 23, 2015
10-to-1: Top Ten Hits of the 2000s
54,412
4.21
Music
Apr 15, 2015
10-to-1: Romantic Comedies by Actor
50,453
4.33
Movies
Apr 12, 2015
10-to-1: Top Ten Hits of the 1990s
39,271
3.98
Music
Apr 14, 2015
Go to Creator's Profile
Score Distribution
Quiz Creator Spotlight
aseligstein
Follow
Send a Message
Quizzes Created
-
Created Quiz Play Count
-
More By This Creator
Popular Quizzes Today
1
5x2 Blitz: Bands
2
Find the 'City' Movie
3
Find the US States - No Outlines Minefield
4
Colored Red Africa Blitz
5
The Countries of the World
6
Find the US States
7
9x9 Crossword: Cartoon Network
8
Risky Map Clicking: Biggest States A-Z
More Television Quizzes
T-V S-H-O-W (CBS V)
Quiz Lab
Trending Quizzes
Colored Red Africa Blitz II
Colored Red Europe Blitz I
Find the 'Dark' Movie
Find the 'Day' Movie
Find the 'Good' Movie
Recently Updated
Champions League XIs: Real Madrid
pecheneg
Largest US Cities 1790-2010
pecheneg
Rides in Walt Disney World
pecheneg
Most Oscar Losses (Acting)
pecheneg
Beyoncé Albums
pecheneg
Leaping Animals
pecheneg
Reality TV Shows (A-Z)
bhenderson79
Rickey Henderson's Hall of Fame Teammates
pecheneg
Champions League XIs: Arsenal
pecheneg
Quick Pick: Celebrities in WWE's Hall of Fame
aduchscher
Trending Topics
Crossword
NBA
Kpop
Anime
Disney
Harry Potter
Marvel
Soccer
The Office
NFL
Song
WWE
Puzzle
Pokémon
Country
Your Account Isn't Verified!
In order to create a playlist on Sporcle, you need to verify the email address you used during registration. Go to your
Sporcle Settings
to finish the process.
Report this User
Report this user for behavior that violates our
Community Guidelines
.
Details:
Send Report
Go to the Sporcle.com Mobile Site →
Comments